Tiếng Việt 3 Sách giáo viên T.1
vv
Đã lưu trong:
| Tác giả chính: | |
|---|---|
| Định dạng: | Sách |
| Năm xuất bản: |
H.:
Giáo dục,
2004
|
| Chủ đề: | |
| Tags: |
Thêm thẻ
Không có thẻ, Hãy là người đầu tiên gắn thẻ bản ghi này!
|
| LEADER | 00998nam a2200169 4500 | ||
|---|---|---|---|
| 999 | |c 11611 |d 11611 | ||
| 082 | |a 372.6 |b T306v | ||
| 100 | |a Nguyễn Minh Thuyết | ||
| 245 | |a Tiếng Việt 3 |c Nguyễn Minh Thuyết, Hoàng Hòa Bình, Trần Mạnh Hưởng |b Sách giáo viên |n T.1 | ||
| 260 | |a H.: |b Giáo dục, |c 2004 | ||
| 300 | |a 343tr.; |c 24cm | ||
| 520 | |a vv | ||
| 653 | |a Tiếng Việt (Giáo dục tiểu học) | ||
| 942 | |2 ddc |c STK0 | ||
| 952 | |0 0 |1 0 |2 ddc |4 0 |6 372_600000000000000 |7 0 |8 400 |9 99244 |a qbu |b qbu |c D2 |d 2015-11-18 |g 12800 |l 2 |o 372.6 |p 11217.C1 |r 2017-05-23 |s 2017-05-15 |w 2015-11-18 |y STK0 |0 0 |6 495_922071000000000_T306V | ||
| 952 | |0 0 |1 0 |2 ddc |4 0 |6 372_600000000000000 |7 0 |8 400 |9 99245 |a qbu |b qbu |c D2 |d 2015-11-18 |g 12800 |l 19 |m 3 |o 372.6 |p 11217.C2 |r 2019-12-19 |s 2019-11-21 |w 2015-11-18 |y STK0 |0 0 |6 495_922071000000000_T306V | ||
| 952 | |0 0 |1 0 |2 ddc |4 0 |6 372_600000000000000 |7 0 |8 400 |9 99246 |a qbu |b qbu |c D2 |d 2015-11-18 |g 12800 |l 22 |m 3 |o 372.6 |p 11217.C3 |r 2020-11-27 |s 2020-11-17 |w 2015-11-18 |y STK0 |0 0 |6 495_922071000000000_T306V | ||